|
|
|
|
| LEADER |
00000nab a2200000ua 4500 |
| 001 |
vtls010811151 |
| 003 |
SK-MaSNL |
| 005 |
20260303153326.0 |
| 008 |
230222s2012 xo |||||||||||||||||eng| |
| 035 |
|
|
|a (urnnbn)urn:nbn:sk:snk:ar-00242l
|
| 035 |
|
|
|a urn:nbn:sk:snk-ab5gdu
|
| 035 |
|
|
|a (uuid)50c1cbf5-84fb-46c2-b2c6-7fc19fe7cdcb
|
| 040 |
|
|
|a SNKBUCL
|b slo
|c SNKBUCL
|e AACR2
|
| 041 |
0 |
|
|a eng
|
| 044 |
|
|
|a xo
|c SK
|
| 100 |
1 |
|
|a Passialis, Costas
|4 aut
|9 1174934
|
| 245 |
1 |
0 |
|a SHEAR BOND STRENGTH OF BLACK LOCUST WOOD GLUED WITH THREE ADHESIVE SYSTEMS
|c Costas Passialis, Elias Voulgaridis, Martino Negri, Stergios Adamopoulos
|
| 700 |
1 |
|
|a Voulgaridis, Elias
|4 aut
|9 780619
|
| 700 |
1 |
|
|a Negri, Martino
|4 aut
|9 1174935
|
| 700 |
1 |
|
|a Adamopoulos, Stergios
|4 aut
|9 780617
|
| 773 |
0 |
|
|t Wood research
|g Roč. 57, č. 3 (2012), s. 489-496
|
| 958 |
|
|
|a OND
|
| 958 |
|
|
|a EUIPO
|
| 958 |
|
|
|a article5
|
| 999 |
|
|
|c 2027921
|d 2029851
|